[Event "Cto Aragón Equipos Pref Gr I"]
[Site "Aragón"]
[Date "2014.02.22"]
[Round "5.41"]
[White "Tirapo Larcuen, Ana"]
[Black "Aparicio Navarro, Pedro"]
[Result "0-1"]
[WhiteElo "1920"]
[BlackElo "2169"]
[PlyCount "76"]
[EventDate "2014.??.??"]
[EventRounds "9"]
[EventCountry "ESP"]
[WhiteTeam "Agrupacion B"]
[BlackTeam "Helios B"]

1. e4 c5 2. Nf3 e6 3. g3 Nc6 4. Bg2 Nf6 5. d3 d5 6. Qe2 Be7 7. O-O O-O 8. e5
Nd7 9. c3 Qc7 10. Bf4 b5 11. Nbd2 Rb8 12. d4 c4 13. Bg5 b4 14. Bxe7 Nxe7 15.
Nh4 bxc3 16. bxc3 Qa5 17. Qe3 Nb6 18. Qg5 Ng6 19. Nxg6 hxg6 20. Rfc1 Na4 21.
Nf3 Qd8 22. Qd2 Bd7 23. Rab1 Qe7 24. h4 Qa3 25. Rxb8 Rxb8 26. h5 gxh5 27. Ng5
Rb2 28. Qf4 Be8 29. Bf3 Nxc3 30. Bxh5 Ne2+ 31. Bxe2 Rxe2 32. Rb1 Rb2 33. Rxb2
Qxb2 34. Qh4 Qb1+ 35. Kg2 c3 36. Nf3 c2 37. Qd8 c1=Q 38. Qxe8+ Kh7 0-1

[Event "Cto Aragón Equipos Pref Gr I"]
[Site "Aragón"]
[Date "2014.02.22"]
[Round "5.42"]
[White "Anson Casaos, Alejandro"]
[Black "Zubialde Ayala, Gonzalo"]
[Result "0-1"]
[WhiteElo "1902"]
[BlackElo "1731"]
[PlyCount "54"]
[EventDate "2014.??.??"]
[EventRounds "9"]
[EventCountry "ESP"]
[WhiteTeam "Helios B"]
[BlackTeam "Agrupacion B"]

1. e4 e5 2. Nf3 Nc6 3. Bb5 a6 4. Ba4 b5 5. Bb3 Na5 6. d4 Nxb3 7. axb3 exd4 8.
Nxd4 Bb7 9. O-O Bc5 10. Re1 d6 11. Nf3 Ne7 12. Nbd2 Ng6 13. Nf1 O-O 14. c3 f5
15. Ng3 fxe4 16. Nxe4 Bb6 17. Neg5 Qf6 18. Be3 Bxe3 19. Rxe3 Ne5 20. Qc2 Nxf3+
21. Nxf3 Rae8 22. Rxe8 Rxe8 23. Re1 Rxe1+ 24. Nxe1 Qe6 25. Kf1 Bd5 26. Qd2 Bxb3
27. Nf3 Bc4+ 0-1

[Event "Cto Aragón Equipos Pref Gr I"]
[Site "Aragón"]
[Date "2014.02.22"]
[Round "5.43"]
[White "Manguez Tomas, Andres"]
[Black "Flores, Francisco"]
[Result "1/2-1/2"]
[WhiteElo "1673"]
[BlackElo "1834"]
[PlyCount "72"]
[EventDate "2014.??.??"]
[EventRounds "9"]
[EventCountry "ESP"]
[WhiteTeam "Agrupacion B"]
[BlackTeam "Helios B"]

1. e4 e6 2. d4 d5 3. Nc3 Nf6 4. e5 Nfd7 5. f4 c5 6. Nf3 Nc6 7. Be2 a6 8. Be3
cxd4 9. Nxd4 Be7 10. O-O Qc7 11. Bg4 Nb6 12. Kh1 Nc4 13. Bc1 Qb6 14. Nxc6 Qxc6
15. Ne2 Bd7 16. Nd4 Qc7 17. b3 Na3 18. Bb2 Nb5 19. Nxb5 Bxb5 20. Rf3 O-O-O 21.
Rc3 Bc6 22. Qd4 h5 23. b4 hxg4 24. a4 Bxb4 25. Qxb4 d4 26. Rd3 Rh3 27. Kg1 Rxd3
28. cxd3 Qd7 29. Rc1 Qd5 30. Rc2 Kb8 31. Ba3 g6 32. Qb2 Ka8 33. Qb6 Kb8 34.
Bd6+ Ka8 35. Ba3 Kb8 36. Bd6+ Ka8 1/2-1/2

[Event "Cto Aragón Equipos Pref Gr I"]
[Site "Aragón"]
[Date "2014.02.22"]
[Round "5.44"]
[White "Gonzalez Azuara, Javier"]
[Black "Serrat Claver, David"]
[Result "0-1"]
[WhiteElo "1672"]
[BlackElo "1631"]
[PlyCount "60"]
[EventDate "2014.??.??"]
[EventRounds "9"]
[EventCountry "ESP"]
[WhiteTeam "Helios B"]
[BlackTeam "Agrupacion B"]

1. d4 f5 2. e3 Nf6 3. Bd3 e6 4. Nf3 d5 5. Nbd2 Bd6 6. Ne5 O-O 7. b3 Bd7 8. c4
c6 9. Bb2 Ne4 10. Qe2 Qa5 11. Bxe4 fxe4 12. O-O Be8 13. a3 Qc7 14. f3 Bxe5 15.
dxe5 exf3 16. Rxf3 Rxf3 17. gxf3 Bh5 18. cxd5 cxd5 19. Rc1 Nc6 20. Qg2 Rf8 21.
f4 Qb6 22. Qh3 Rxf4 23. Qxe6+ Rf7 24. Bd4 Qb5 25. Qe8+ Rf8 26. Qxh5 Nxd4 27.
exd4 Qd3 28. Qg4 Qxd2 29. Qe6+ Kh8 30. Rc8 Qf2+ 0-1

[Event "Cto Aragón Equipos Pref Gr I"]
[Site "Aragón"]
[Date "2014.02.22"]
[Round "5.45"]
[White "Inglan Bielsa, Fernando"]
[Black "Arino Castan, Federico"]
[Result "1/2-1/2"]
[WhiteElo "2086"]
[BlackElo "1778"]
[PlyCount "112"]
[EventDate "2014.??.??"]
[EventRounds "9"]
[EventCountry "ESP"]
[WhiteTeam "Jaime Casas B"]
[BlackTeam "Binefar"]

1. e4 e6 2. d4 d5 3. Nc3 dxe4 4. Nxe4 Be7 5. Nf3 Nf6 6. Bd3 Nbd7 7. c3 Nxe4 8.
Bxe4 O-O 9. O-O Nf6 10. Bc2 Ne8 11. Re1 b6 12. Qd3 g6 13. h4 Bb7 14. h5 c5 15.
Bh6 Ng7 16. hxg6 hxg6 17. Bxg7 Kxg7 18. Rxe6 Rh8 19. Re3 Qd6 20. dxc5 Qxd3 21.
Rxd3 Bxf3 22. Rxf3 Bxc5 23. Bb3 f6 24. Rd1 Rad8 25. Rfd3 Rxd3 26. Rxd3 a5 27.
Rd7+ Kh6 28. g3 Re8 29. Kf1 Re7 30. Rd8 Kg7 31. Rg8+ Kh7 32. a4 Rg7 33. Rb8 Rd7
34. Ke2 Re7+ 35. Kf1 Rd7 36. Re8 Rd2 37. Re2 Rxe2 38. Kxe2 g5 39. Be6 Kg7 40.
f3 Kf8 41. Kd3 Ke7 42. Bg8 Kd6 43. Kc4 Bf2 44. g4 Be3 45. Kb5 Kc7 46. Ka6 Bc5
47. Bf7 Be3 48. b4 axb4 49. cxb4 Bd4 50. Bg6 Bc3 51. a5 bxa5 52. b5 Kb8 53. Bc2
Bb4 54. Kb6 Bc3 55. Kc6 Bb4 56. Kd7 Bc3 1/2-1/2

[Event "Cto Aragón Equipos Pref Gr I"]
[Site "Aragón"]
[Date "2014.02.22"]
[Round "5.46"]
[White "Saura Solano, Jose Luis"]
[Black "Maza Broto, Pablo"]
[Result "0-1"]
[WhiteElo "1775"]
[BlackElo "2045"]
[PlyCount "120"]
[EventDate "2014.??.??"]
[EventRounds "9"]
[EventCountry "ESP"]
[WhiteTeam "Binefar"]
[BlackTeam "Jaime Casas B"]

1. Nf3 Nf6 2. c4 d6 3. d4 Nbd7 4. Nc3 e5 5. g3 c6 6. dxe5 dxe5 7. Bg2 Be7 8.
O-O O-O 9. Qc2 Qc7 10. Ne4 Nxe4 11. Qxe4 f5 12. Qc2 Nf6 13. Bg5 Ne4 14. Bxe7
Qxe7 15. Rad1 a5 16. Nd2 Nc5 17. Nb3 Be6 18. Nxc5 Qxc5 19. b3 b5 20. Rd2 bxc4
21. bxc4 e4 22. g4 Rae8 23. e3 Qxc4 24. gxf5 Rxf5 25. Qxe4 Qxe4 26. Bxe4 Rg5+
27. Bg2 Bd5 28. f4 Rg4 29. e4 Rxe4 30. h3 Rg3 31. Kh2 Ree3 32. Bxd5+ cxd5 33.
Rxd5 Rxh3+ 34. Kg2 Reg3+ 35. Kf2 Ra3 36. Kg2 Rag3+ 37. Kf2 Rf3+ 38. Kg2 Rxf1
39. Kxf1 Ra3 40. Rd8+ Kf7 41. Rd7+ Kg6 42. f5+ Kf6 43. Rd6+ Kxf5 44. Rd7 Kg6
45. Rd6+ Kh5 46. Rd5+ g5 47. Rd2 g4 48. Kg2 Kh4 49. Rc2 h5 50. Rd2 Re3 51. Rf2
a4 52. Rc2 a3 53. Kf1 Kg3 54. Rg2+ Kf4 55. Rh2 Rh3 56. Rg2 Rf3+ 57. Ke1 h4 58.
Rc2 h3 59. Rh2 Kg3 60. Rh1 Kg2 0-1

[Event "Cto Aragón Equipos Pref Gr I"]
[Site "Aragón"]
[Date "2014.02.22"]
[Round "5.47"]
[White "Rodriguez Leiva, Manuel"]
[Black "Bayona Bafaluy, Jose Maria"]
[Result "0-1"]
[WhiteElo "1992"]
[BlackElo "1759"]
[PlyCount "124"]
[EventDate "2014.??.??"]
[EventRounds "9"]
[EventCountry "ESP"]
[WhiteTeam "Jaime Casas B"]
[BlackTeam "Binefar"]

1. c4 c6 2. Nc3 Nf6 3. d4 d5 4. Nf3 Bg4 5. Qb3 b6 6. cxd5 Bxf3 7. exf3 Nxd5 8.
Bc4 e6 9. O-O Be7 10. Ne4 O-O 11. f4 b5 12. Be2 Nd7 13. Be3 Qb6 14. Rac1 Rac8
15. Nc5 N7f6 16. Qc2 Bd6 17. g3 Rfd8 18. a3 a5 19. Bd2 b4 20. axb4 Nxb4 21.
Bxb4 Qxb4 22. Qc3 Bxc5 23. dxc5 Rd2 24. Qxb4 axb4 25. Ba6 Rb8 26. b3 Ne4 27. f3
Nc3 28. Rf2 Rd5 29. Kg2 Rxc5 30. Bc4 Ra8 31. Rcc2 Nd5 32. Rfe2 Nb6 33. Bd3 Rxc2
34. Rxc2 Rc8 35. Rc5 Kf8 36. Be4 Nd5 37. Kf2 h6 38. f5 Ke7 39. fxe6 fxe6 40. f4
Kd6 41. Ra5 Rc7 42. Ra6 Kc5 43. Bd3 Rf7 44. Ke2 Re7 45. Bc4 e5 46. f5 e4 47. g4
Nf4+ 48. Ke3 Nd5+ 49. Bxd5 Kxd5 50. h4 c5 51. Rb6 Ke5 52. Rc6 Kd5 53. Rb6 Ke5
54. Rc6 Kd5 55. Rb6 Ra7 56. g5 Ra3 57. f6 Rxb3+ 58. Ke2 gxf6 59. gxh6 Rh3 60.
Rxf6 Rxh4 61. Rf5+ Kd4 62. Rf6 Rh2+ 0-1

[Event "Cto Aragón Equipos Pref Gr I"]
[Site "Aragón"]
[Date "2014.02.22"]
[Round "5.48"]
[White "Vidaller De Pedro, Leon"]
[Black "Salas Latorre, Jose"]
[Result "1-0"]
[WhiteElo "1658"]
[BlackElo "1798"]
[PlyCount "69"]
[EventDate "2014.??.??"]
[EventRounds "9"]
[EventCountry "ESP"]
[WhiteTeam "Binefar"]
[BlackTeam "Jaime Casas B"]

1. d4 d5 2. Nf3 Nf6 3. e3 e6 4. Nbd2 Bd6 5. Bd3 Nbd7 6. O-O O-O 7. Re1 e5 8.
dxe5 Nxe5 9. Nxe5 Bxe5 10. h3 Re8 11. Nf3 Bd6 12. b3 Ne4 13. c4 Bb4 14. Rf1 Qf6
15. Qc2 Ng5 16. Nxg5 Qxg5 17. e4 Qe5 18. Bb2 Qg5 19. f4 Bc5+ 20. Kh2 Qh4 21.
cxd5 Bb6 22. Bb5 Rd8 23. Qc3 Qh6 24. Rad1 Bd7 25. Bc4 Re8 26. e5 Bf5 27. Bd3
Bxd3 28. Rxd3 Rad8 29. g3 Rd7 30. f5 Red8 31. Qc4 a6 32. h4 Qh5 33. Rdd1 Rxd5
34. Rxd5 Rxd5 35. Qxd5 1-0

[Event "Cto Aragón Equipos Pref Gr I"]
[Site "Aragón"]
[Date "2014.02.22"]
[Round "5.49"]
[White "Sacristan Latorre, Alberto"]
[Black "Del Corral Abancens, Alfonso"]
[Result "1-0"]
[WhiteElo "2061"]
[BlackElo "1895"]
[PlyCount "95"]
[EventDate "2014.??.??"]
[EventRounds "9"]
[EventCountry "ESP"]
[WhiteTeam "CMU Pedro Cerbuna"]
[BlackTeam "Shatranj"]

1. e4 c5 2. Ne2 d6 3. g3 Nc6 4. Bg2 g6 5. c3 Bg7 6. d4 cxd4 7. cxd4 Nf6 8. Nbc3
O-O 9. O-O a6 10. a4 e6 11. h3 Qc7 12. Be3 Bd7 13. Rc1 Qb8 14. d5 exd5 15. Nxd5
Nxd5 16. exd5 Ne7 17. Bb6 Rc8 18. Qb3 Bh6 19. f4 Rxc1 20. Rxc1 Qe8 21. a5 Nf5
22. Kf2 Bb5 23. Nc3 Qc8 24. Re1 Bc4 25. Qb4 Bf8 26. g4 Ng7 27. Re4 Bd3 28. Rd4
Bb5 29. Nxb5 axb5 30. Qxb5 Qc2+ 31. Qe2 Qc1 32. Rc4 Qa1 33. Qc2 Re8 34. Be4 f5
35. Ra4 Qxa4 36. Qxa4 Rxe4 37. Qd7 Rxf4+ 38. Ke3 Rb4 39. Qxb7 fxg4 40. hxg4
Rxg4 41. a6 Nf5+ 42. Kd3 Rg3+ 43. Kc2 Rg2+ 44. Kb3 Bg7 45. a7 Rxb2+ 46. Ka3 Rb1
47. a8=Q+ Bf8 48. Ka2 1-0

[Event "Cto Aragón Equipos Pref Gr I"]
[Site "Aragón"]
[Date "2014.02.22"]
[Round "5.50"]
[White "Ballonga Arruebo, Alejandro"]
[Black "Colom Sienes, Eduardo"]
[Result "0-1"]
[WhiteElo "1696"]
[BlackElo "2042"]
[PlyCount "32"]
[EventDate "2014.??.??"]
[EventRounds "9"]
[EventCountry "ESP"]
[WhiteTeam "Shatranj"]
[BlackTeam "CMU Pedro Cerbuna"]

1. c4 e5 2. Nc3 g6 3. d4 Bg7 4. Nf3 exd4 5. Bg5 f6 6. Qxd4 Nc6 7. Qe4+ Nge7 8.
Bf4 O-O 9. Rd1 g5 10. Bxg5 fxg5 11. Nxg5 Bxc3+ 12. bxc3 Ng6 13. h4 Qf6 14. Nxh7
Kxh7 15. h5 Qxf2+ 16. Kd2 Qf4+ 0-1

[Event "Cto Aragón Equipos Pref Gr I"]
[Site "Aragón"]
[Date "2014.02.22"]
[Round "5.51"]
[White "Biarge Carnicer, Arturo"]
[Black "Aznar Andres, Maria Pilar"]
[Result "0-1"]
[WhiteElo "1898"]
[BlackElo "1625"]
[PlyCount "81"]
[EventDate "2014.??.??"]
[EventRounds "9"]
[EventCountry "ESP"]
[WhiteTeam "CMU Pedro Cerbuna"]
[BlackTeam "Shatranj"]

1. e4 c5 2. Nf3 d6 3. d4 cxd4 4. Qxd4 Nc6 5. Qd1 g6 6. Bd3 Nf6 7. O-O Bg7 8. c4
O-O 9. Nc3 Bg4 10. h3 Bd7 11. Rb1 Rc8 12. Nd5 e6 13. Nxf6+ Bxf6 14. Be2 Qc7 15.
Bf4 Ne5 16. Nxe5 Bxe5 17. Bxe5 dxe5 18. b4 Rfd8 19. Qc2 Bb5 20. c5 Bxe2 21.
Qxe2 Rd4 22. Rfd1 Rcd8 23. f3 Qd7 24. Rxd4 Qxd4+ 25. Kf1 a6 26. Rb2 Rd7 27. Qf2
Qc4+ 28. Qe2 Rd1+ 29. Kf2 Qd4+ 30. Kg3 g5 31. Qf2 Qd8 32. Qe3 Rd3 33. Qe2 h5
34. Kh2 Rd1 35. Rb3 Qd4 36. Qe3 Qd8 37. Qe2 f6 38. Qe3 Qd7 39. Qe2 Qd4 40. Re3
Qa1 41. g3 0-1

[Event "Cto Aragón Equipos Pref Gr I"]
[Site "Aragón"]
[Date "2014.02.22"]
[Round "5.52"]
[White "Alvaro Rada, Gonzalo"]
[Black "Montoro Mavilla, Sergio"]
[Result "0-1"]
[WhiteElo "1561"]
[BlackElo "1780"]
[PlyCount "96"]
[EventDate "2014.??.??"]
[EventRounds "9"]
[EventCountry "ESP"]
[WhiteTeam "Shatranj"]
[BlackTeam "CMU Pedro Cerbuna"]

1. e4 d6 2. d4 Nf6 3. Nc3 g6 4. Be3 Bg7 5. f3 O-O 6. Bd3 Nbd7 7. Nge2 c6 8. Qd2
Qc7 9. a4 e5 10. d5 Nc5 11. Bxc5 dxc5 12. Bc4 Rd8 13. O-O-O a6 14. Qe3 b5 15.
Ba2 b4 16. Nb1 cxd5 17. Bxd5 Nxd5 18. Rxd5 Rxd5 19. exd5 Bb7 20. Rd1 c4 21. c3
b3 22. d6 Qc6 23. Nd2 Qxa4 24. d7 Rd8 25. Nb1 Rxd7 26. Rxd7 Qxd7 27. Nd2 Qf5
28. Kd1 Qc2+ 29. Ke1 Qxb2 30. Nxc4 Qa1+ 31. Kf2 b2 32. Nxb2 Qxb2 33. Qa7 Qb5
34. Qb8+ Bf8 35. Qc7 Qc5+ 36. Qxc5 Bxc5+ 37. Ke1 a5 38. Kd2 Ba6 39. Nc1 Bf1 40.
Nb3 Bb6 41. g3 Bc4 42. Kc2 Bxb3+ 43. Kxb3 Kf8 44. Ka4 Ke7 45. c4 Kd6 46. Kb5
Bd8 47. g4 f5 48. gxf5 gxf5 0-1

[Event "Cto Aragón Equipos Pref Gr II"]
[Site "Aragon"]
[Date "2014.02.22"]
[Round "5.53"]
[White "Gines Abad, Pedro"]
[Black "Lopez Caudevilla, David"]
[Result "1-0"]
[WhiteElo "2003"]
[BlackElo "2057"]
[PlyCount "75"]
[EventDate "2014.??.??"]
[WhiteTeam "IberCaja B "]
[BlackTeam "Actur Rey Fernando"]

1. e4 d6 2. d4 Nf6 3. Nc3 g6 4. Be3 Bg7 5. f3 c6 6. Qd2 b5 7. O-O-O O-O 8. g4
b4 9. Nce2 Qa5 10. Kb1 Be6 11. Nc1 c5 12. d5 Bc8 13. h4 Ba6 14. Bh6 Bxf1 15.
Rxf1 c4 16. Bxg7 Kxg7 17. Qd4 Qb6 18. Qxc4 Nbd7 19. Nge2 Ne5 20. Qd4 Qb5 21. g5
Nfd7 22. f4 a5 23. fxe5 dxe5 24. Qd3 Qb7 25. h5 f6 26. hxg6 hxg6 27. gxf6+ exf6
28. Rh3 Rh8 29. Rfh1 Rxh3 30. Qxh3 Rg8 31. Qh7+ Kf8 32. Rf1 Rg7 33. Qh6 Kf7 34.
Nd3 a4 35. Qh3 Kf8 36. Qh8+ Kf7 37. Qd8 f5 38. Qxd7+ 1-0

[Event "Cto Aragón Equipos Pref Gr II"]
[Site "Aragon"]
[Date "2014.02.22"]
[Round "5.54"]
[White "Aviol Perez, Jose Mariano"]
[Black "Orriach Gonzalez, Juan Manuel"]
[Result "0-1"]
[WhiteElo "1958"]
[BlackElo "1795"]
[PlyCount "74"]
[EventDate "2014.??.??"]
[WhiteTeam "Actur Rey Fernando"]
[BlackTeam "IberCaja B "]

1. d4 e6 2. c4 d5 3. Nf3 Nf6 4. Nc3 Be7 5. cxd5 exd5 6. Bg5 O-O 7. Qc2 c6 8. e3
Re8 9. Bd3 h6 10. Bf4 a5 11. h3 Na6 12. a3 Nc7 13. O-O Ne6 14. Bg3 Ng5 15. Nxg5
hxg5 16. f3 Bd6 17. Bxd6 Qxd6 18. Qf2 Nh5 19. Ne2 Bd7 20. g4 Nf6 21. e4 Qe7 22.
e5 Nh7 23. f4 gxf4 24. Nxf4 Ng5 25. Rae1 g6 26. h4 Ne6 27. Re3 Nxd4 28. g5 Nf5
29. Bxf5 Bxf5 30. h5 d4 31. Rf3 Qxe5 32. hxg6 fxg6 33. Qh4 Re7 34. Nd3 Qe4 35.
Qg3 Rae8 36. Rxf5 gxf5 37. Qd6 Qg4+ 0-1

[Event "Cto Aragón Equipos Pref Gr II"]
[Site "Aragon"]
[Date "2014.02.22"]
[Round "5.55"]
[White "Gines Esteo, Pedro Antonio"]
[Black "Leon Dionis, Mateo"]
[Result "1-0"]
[WhiteElo "1778"]
[BlackElo "1788"]
[PlyCount "91"]
[EventDate "2014.??.??"]
[WhiteTeam "IberCaja B "]
[BlackTeam "Actur Rey Fernando"]

1. e4 c6 2. d4 d5 3. Nc3 dxe4 4. Nxe4 Bf5 5. Ng3 Bg6 6. Nf3 Nd7 7. h4 h6 8. h5
Bh7 9. Bd3 Bxd3 10. Qxd3 e6 11. Bf4 Ngf6 12. O-O-O Nd5 13. Bd2 Bd6 14. Ne4 Bc7
15. Rhe1 N5f6 16. Bb4 Nxe4 17. Qxe4 Ba5 18. d5 cxd5 19. Rxd5 Bxb4 20. Qxb4 Qb6
21. Rb5 Qxf2 22. Rxb7 Rc8 23. Qa4 Rd8 24. Rd1 O-O 25. Rbxd7 Rxd7 26. Qxd7 Qxg2
27. Qd3 Qh3 28. Rg1 Qxh5 29. Qd4 g6 30. Ne5 Qf5 31. Nd7 Rc8 32. c3 a6 33. Nf6+
Kf8 34. Rd1 e5 35. Qd6+ Kg7 36. Nd5 Qg5+ 37. Rd2 Rd8 38. Qc5 e4 39. Qd4+ f6 40.
Qxe4 Rd7 41. Kc2 f5 42. Qe5+ Kf7 43. Re2 Qd8 44. Qe6+ Kg7 45. Rg2 g5 46. Ne3
1-0

[Event "Cto Aragón Equipos Pref Gr II"]
[Site "Aragon"]
[Date "2014.02.22"]
[Round "5.56"]
[White "Fernandez Sierra, Pedro Jose"]
[Black "Torcal Andolz, Alfonso"]
[Result "0-1"]
[WhiteElo "1706"]
[BlackElo "1766"]
[PlyCount "64"]
[EventDate "2014.??.??"]
[WhiteTeam "Actur Rey Fernando"]
[BlackTeam "IberCaja B "]

1. e4 c6 2. d4 d5 3. e5 Bf5 4. Ne2 e6 5. Ng3 Bg6 6. h4 h6 7. h5 Bh7 8. Bd3 Bxd3
9. Qxd3 Nd7 10. f4 c5 11. c3 cxd4 12. cxd4 Bb4+ 13. Nc3 Qa5 14. Bd2 Ne7 15. f5
O-O-O 16. Rc1 Nc6 17. a3 Be7 18. O-O Kb8 19. fxe6 fxe6 20. Rf7 Qb6 21. Kh1 Bg5
22. Nge2 Ndxe5 23. Qg3 Bxd2 24. Rc2 Bxc3 25. Rxc3 Qxb2 26. Rb3 Qxe2 27. Rbxb7+
Ka8 28. dxe5 Qxh5+ 29. Kg1 Rhf8 30. Rfc7 Qe2 31. Rf7 Qd1+ 32. Kh2 Qh5+ 0-1

[Event "Cto Aragón Equipos Pref Gr II"]
[Site "Aragon"]
[Date "2014.02.22"]
[Round "5.58"]
[White "Cobo Garrido, Diego Israel"]
[Black "Sanmiguel Mateo, Luis"]
[Result "1-0"]
[WhiteElo "2045"]
[BlackElo "1900"]
[PlyCount "120"]
[EventDate "2014.??.??"]
[WhiteTeam "ONCE CA Aragon B"]
[BlackTeam "Calatayud"]

1. e4 c6 2. d4 d5 3. e5 c5 4. Nf3 Nc6 5. c4 e6 6. Nc3 dxc4 7. d5 exd5 8. Qxd5
Be6 9. Qxd8+ Rxd8 10. Be3 Nb4 11. Rc1 a6 12. Ng5 Nd3+ 13. Bxd3 cxd3 14. Nxe6
fxe6 15. Ne4 b6 16. Ng5 Ne7 17. Nxe6 Rd7 18. O-O Nd5 19. Bd2 Re7 20. Nf4 Nxf4
21. Bxf4 Rd7 22. Rfd1 Be7 23. Rc3 O-O 24. Be3 Rfd8 25. f4 Rd5 26. Kf2 b5 27. b3
h6 28. Kf3 g5 29. g3 gxf4 30. gxf4 Kf7 31. Ke4 d2 32. Rc2 c4 33. bxc4 bxc4 34.
Rdxd2 Rxd2 35. Rxd2 Rc8 36. Rc2 Bb4 37. f5 h5 38. e6+ Ke7 39. Ke5 c3 40. Bg5+
Ke8 41. h4 Rc5+ 42. Ke4 a5 43. Bf6 Rc4+ 44. Bd4 Bc5 45. Kd5 Rxd4+ 46. Kxc5 Rf4
47. Kd6 Rf3 48. f6 Rd3+ 49. Ke5 Re3+ 50. Kf5 Rf3+ 51. Kg6 Re3 52. e7 Rg3+ 53.
Kxh5 Rf3 54. Kg5 Rg3+ 55. Kf5 Rh3 56. Re2 Rxh4 57. Kg5 Rh8 58. Kg6 Rg8+ 59. Kf5
Kf7 60. Rh2 Rg1 1-0

[Event "Cto Aragón Equipos Pref Gr II"]
[Site "Aragon"]
[Date "2014.02.22"]
[Round "5.59"]
[White "Belmonte Barragan, Avelino"]
[Black "Landa Garriga, Francisco Javie"]
[Result "0-1"]
[WhiteElo "1784"]
[BlackElo "1857"]
[PlyCount "106"]
[EventDate "2014.??.??"]
[WhiteTeam "Calatayud"]
[BlackTeam "ONCE CA Aragon B"]

1. e4 e5 2. Nf3 Nc6 3. Bb5 a6 4. Bxc6 dxc6 5. d4 exd4 6. Qxd4 Qxd4 7. Nxd4 Bd7
8. Be3 O-O-O 9. Nd2 Re8 10. O-O c5 11. N4b3 b6 12. Rfe1 g6 13. c3 Bg7 14. f3
Nh6 15. Nf1 Rhf8 16. Bf2 f5 17. exf5 Nxf5 18. Ne3 Nxe3 19. Bxe3 Bc6 20. a3 h6
21. Bf2 g5 22. Rxe8+ Rxe8 23. Re1 Rd8 24. Be3 Rg8 25. Bf2 Bf8 26. Nd2 g4 27. f4
Bd6 28. g3 Bd5 29. c4 Bf7 30. b3 h5 31. Ne4 Be7 32. Nc3 Bd8 33. a4 Re8 34. a5
Rxe1+ 35. Bxe1 Bf6 36. axb6 cxb6 37. Ne4 Be7 38. Bf2 Kd7 39. Kf1 Bg6 40. Nd2
Bd3+ 41. Ke1 Bf6 42. Kd1 Bb2 43. b4 Kc6 44. bxc5 bxc5 45. Nb3 Ba3 46. Kd2 Bxc4
47. Na5+ Kb5 48. Nxc4 Kxc4 49. f5 Bb2 50. Kc2 Bf6 51. Be3 Kd5 52. Bf4 c4 53.
Bc7 Ke4 0-1

[Event "Cto Aragón Equipos Pref Gr II"]
[Site "Aragon"]
[Date "2014.02.22"]
[Round "5.60"]
[White "Soriano Gracia, Manuel"]
[Black "Garcia Arrazola, Jesus Maria"]
[Result "0-1"]
[WhiteElo "1782"]
[BlackElo "1641"]
[PlyCount "68"]
[EventDate "2014.??.??"]
[WhiteTeam "ONCE CA Aragon B"]
[BlackTeam "Calatayud"]

1. e4 c5 2. c3 Nf6 3. e5 Nd5 4. d4 cxd4 5. cxd4 e6 6. Bc4 Nb6 7. Bb5 a6 8. Be2
d6 9. Nf3 Bd7 10. O-O Bc6 11. Bg5 Be7 12. Bxe7 Qxe7 13. exd6 Qxd6 14. Ne5 N8d7
15. Nxc6 Qxc6 16. Nc3 O-O 17. Bf3 Nd5 18. Nxd5 exd5 19. Qb3 Nf6 20. Rac1 Qd6
21. Rc5 b6 22. Rc2 Rac8 23. Rfc1 Rxc2 24. Rxc2 Re8 25. g3 h5 26. h4 g6 27. a3
Ne4 28. Qd3 Nxg3 29. Kg2 Nf5 30. Bxh5 Nxh4+ 31. Kh3 gxh5 32. Kxh4 Re4+ 33. Kh3
Qe6+ 34. Kg2 Qg6+ 0-1

[Event "Cto Aragón Equipos Pref Gr II"]
[Site "Aragon"]
[Date "2014.02.22"]
[Round "5.61"]
[White "Turon Perez, David"]
[Black "Antonano Fedz-Quincoces, Aveli"]
[Result "1-0"]
[WhiteElo "1924"]
[BlackElo "2047"]
[PlyCount "75"]
[EventDate "2014.??.??"]
[WhiteTeam "Tauste B"]
[BlackTeam "St. Casablanca C"]

1. d4 e6 2. e4 c5 3. c3 d5 4. e5 Nc6 5. Nf3 Qb6 6. Be2 Nge7 7. Na3 Nf5 8. Nc2
Be7 9. O-O O-O 10. dxc5 Bxc5 11. b4 Be7 12. g4 Nh4 13. Nxh4 Bxh4 14. Be3 Qc7
15. f4 f6 16. b5 Na5 17. Bd4 Nc4 18. Bxc4 dxc4 19. Qe2 Bd7 20. a4 Rac8 21. Qe3
b6 22. Qh3 fxe5 23. Bxe5 Qc5+ 24. Bd4 Qe7 25. g5 e5 26. Qxh4 exd4 27. Rae1 Qd6
28. Nxd4 Bf5 29. Re5 Bd3 30. Rfe1 Qa3 31. Nc6 Rxc6 32. bxc6 Qxc3 33. Re8 Rxe8
34. Rxe8+ Kf7 35. c7 Qa1+ 36. Qe1 Qd4+ 37. Qe3 Qxe3+ 38. Rxe3 1-0

[Event "Cto Aragón Equipos Pref Gr II"]
[Site "Aragon"]
[Date "2014.02.22"]
[Round "5.62"]
[White "Cebollada Pacheco, Jesus Raul"]
[Black "Muro Turon, Raul"]
[Result "1/2-1/2"]
[WhiteElo "2031"]
[BlackElo "1870"]
[PlyCount "91"]
[EventDate "2014.??.??"]
[WhiteTeam "St. Casablanca C"]
[BlackTeam "Tauste B"]

1. e4 e5 2. Nf3 Nc6 3. Bb5 Nge7 4. c3 g6 5. d3 Bg7 6. Nbd2 O-O 7. Qe2 d6 8. Ba4
h6 9. h3 Be6 10. Nf1 f5 11. Bd2 a6 12. Bb3 Bxb3 13. axb3 d5 14. g4 f4 15. N1h2
Qd6 16. O-O Rae8 17. Rfd1 Qe6 18. Kg2 dxe4 19. dxe4 Qxb3 20. Be1 Rd8 21. Nd2
Qc2 22. Nhf3 Qd3 23. Kf1 Kf7 24. Nb3 Qxe2+ 25. Kxe2 Rxd1 26. Kxd1 Rd8+ 27. Ke2
Nc8 28. Nc5 Nd6 29. Nd2 Bf8 30. f3 a5 31. Bf2 b6 32. Nd3 Ke6 33. h4 Be7 34. Rh1
Nb7 35. h5 g5 36. Ra1 Nb8 37. Nc4 Nd7 38. b4 axb4 39. cxb4 Nd6 40. Nxd6 Bxd6
41. b5 Nc5 42. Bxc5 Bxc5 43. Nxc5+ bxc5 44. Rc1 Kd6 45. Rd1+ Ke7 46. Rc1
1/2-1/2

[Event "Cto Aragón Equipos Pref Gr II"]
[Site "Aragon"]
[Date "2014.02.22"]
[Round "5.63"]
[White "Garcia Montolar, Cesar"]
[Black "Garcia Andres, Daniel"]
[Result "1/2-1/2"]
[WhiteElo "1836"]
[BlackElo "2013"]
[PlyCount "74"]
[EventDate "2014.??.??"]
[WhiteTeam "Tauste B"]
[BlackTeam "St. Casablanca C"]

1. d4 d5 2. Nf3 Nf6 3. e3 g6 4. Bd3 Bg7 5. Nbd2 O-O 6. c3 Nbd7 7. e4 dxe4 8.
Nxe4 Nxe4 9. Bxe4 e5 10. O-O Nf6 11. Bc2 e4 12. Ne5 Re8 13. Re1 h5 14. Bg5 Qd6
15. Bxf6 Bxf6 16. Rxe4 Bxe5 17. Rxe5 Rxe5 18. dxe5 Qxe5 19. Qd8+ Kg7 20. Rd1
Bg4 21. Qd4 Re8 22. f3 Qxd4+ 23. Rxd4 Be6 24. b3 c5 25. Rd6 Kf6 26. Be4 Re7 27.
f4 b6 28. Kf2 Rd7 29. Rxd7 Bxd7 30. a3 a5 31. Ke3 h4 32. g3 hxg3 33. hxg3 g5
34. b4 axb4 35. axb4 Bc8 36. Bd5 gxf4+ 37. Kxf4 Ke7 1/2-1/2

[Event "Cto Aragón Equipos Pref Gr II"]
[Site "Aragon"]
[Date "2014.02.22"]
[Round "5.64"]
[White "Calvo Mayayo, Jose Maria"]
[Black "Constin Balesescu, Ion"]
[Result "1-0"]
[WhiteElo "1931"]
[BlackElo "1781"]
[PlyCount "63"]
[EventDate "2014.??.??"]
[WhiteTeam "St. Casablanca C"]
[BlackTeam "Tauste B"]

1. c4 e5 2. g3 Bc5 3. Bg2 Nf6 4. e3 Nc6 5. a3 a5 6. Ne2 d5 7. cxd5 Nxd5 8. Qc2
Qd6 9. Nbc3 Nxc3 10. Nxc3 Bb6 11. O-O Bd7 12. Nd5 Bc5 13. Nxc7+ Qxc7 14. Qxc5
b6 15. Qc3 Rc8 16. d4 exd4 17. exd4 Qd6 18. Re1+ Ne7 19. Bf4 Qf6 20. Qe3 h6 21.
d5 Kf8 22. Be5 Qg6 23. Bxg7+ Kxg7 24. Qxe7 Rcd8 25. Qe5+ Kg8 26. Rac1 Qf5 27.
Qxf5 Bxf5 28. Rc6 Rb8 29. Re5 Bd7 30. Rc7 Be8 31. d6 Rd8 32. d7 1-0